| 000 | 00579nam a2200217Ia 4500 | ||
|---|---|---|---|
| 003 | OSt | ||
| 005 | 20230501121802.0 | ||
| 008 | 210423s2019 xx 000 0 und d | ||
| 020 | _a978-93-313-2726-6-0 | ||
| 040 | _cAL | ||
| 041 | _aeng | ||
| 082 |
_a574.192 _223 _bBIRP |
||
| 100 |
_aBIRADAR (Vijaykumar);SAMSHE (Ashwini) _995630 |
||
| 245 | _aPractical biochemistry | ||
| 260 |
_aNew Delhi _bA P H Publishing Corporation _c2019 |
||
| 300 |
_ax,292 _bPB |
||
| 365 |
_b350 _cINR |
||
| 650 |
_aBiochemistry _995631 |
||
| 906 | _abiochemistry ; Practical | ||
| 942 |
_2ddc _cBK |
||
| 999 |
_c170548 _d170548 |
||